000 00396 a2200109 4500
001 ART_15583
005 20260410161735.0
008 260409a
245 1 0 _aCambio estructural, inserción internacional y heterogeneidad creciente en la industria manufacturera argentina
100 1 _aKatz, Jorge M.
773 0 _tEjecutivos de finanzas
_g- Año 6, Nº 50 (oct. 1988)
_wREV2863
999 _c18235
_d18235